| 000 | 00512cam a22001932a 4500 | ||
|---|---|---|---|
| 001 | 016659 | ||
| 003 | AR-FADEU | ||
| 008 | 311216n1967####xxu####################dd | ||
| 092 |
_aA863.42 _bC221j |
||
| 100 | _aCané, Miguel | ||
| 245 | _aJuvenilia | ||
| 260 | _aBuenos Aires | ||
| 260 | _bCentro Editor de América Latina | ||
| 260 | _c1967 | ||
| 300 | _a117 p | ||
| 440 |
_aCapítulo, biblioteca argentina fundamental _n21 |
||
| 650 | _aLITERATURA ARGENTINA-SIGLO XX; CUENTO/REVISADO/ | ||
| 942 | _cBDGR | ||
| 999 |
_c22411 _d22411 |
||